000 00900nam a22002537a 4500
999 _c64944
_d64944
005 20240530110759.0
008 190116s2018 ua g 000 0|ara d
017 _a2017/15243
_bمصر. دار الكتب
020 _a9789779108926
040 _aEG-CaGPL
_cEG-CaGPL
082 0 4 _221
_a623.89 /
_bق/ع م
100 0 _aعزة محمود على
245 1 2 _aالملاحة البخارية فى مصر :
_b1دراسة للشركة العزيزية /
_cعزة محمود على
250 _aط. 1
260 _aالقاهرة :
_bالهيئة المصرية العامة للكتاب،
_c2017.
300 _a252 ص. ؛
_c24 سم.
650 0 7 _2qrmak
_aالملاحة
650 0 7 _2qrmak
_aالعلوم البحرية
650 0 7 _2qrmak
_aالموانئ
650 0 7 _2qrmak
_aالملاحة
_zمصر
651 _2qrmak
942 _2ddc
_cBK